| 000 | 00508nam a2200169Ia 4500 | ||
|---|---|---|---|
| 008 | 240729s9999 xx 000 0 und d | ||
| 022 | _a2090-1410 | ||
| 245 | 0 | _aInternational Journal of Surgical Oncology | |
| 260 | _aUnited Kingdom | ||
| 260 | _bHindawi Limited | ||
| 650 | _a Internal medicine | ||
| 650 | _a Neoplasms. Tumors. Oncology. Including cancer and carcinogens | ||
| 650 | _aMedicine | ||
| 856 | _uhttps://doaj.org/toc/edc7a04c51244c9eada3a5d6f8c7702d | ||
| 942 | _2ddc | ||
| 942 | _cDOAJEJ | ||
| 999 |
_c71433 _d71433 |
||
| 945 |
_a1 _bMadushi Gamage _c1 _dMadushi Gamage |
||